000 00860nam a2200277Ia 4500
003 OSt
005 20221005063924.0
006 a|||||r|||| 00| 0
007 ta
008 221004b |||||||| |||| 00| 0 eng d
020 _a9781506333595 (pbk)
_cUSD 39.00
024 _a35072
037 _b183, 12/09/2017, Kilaso Books
_cTextual
040 _aCRL
_cCRL
_beng
041 _2eng
_aeng
082 _aSN1:f, Q7
100 _aPrivitera Gregory J. Au.
_935941
245 0 _aStudent study guide with IBM SPSS workbook for research methods for the behavioral sciences
250 _a2nd
260 _aLos
_bAngeles Sage USA
_c2017
300 _axi,260p.
_ccm.
650 _a RESEARCH METHODS
650 _aPSYCHOLOGY
942 _hSN1:f, Q7
_cTEXL
_2cc
999 _c972124
_d972124